Statistics for Little Miss Perfect (All Lyrics)

Click here to take the quiz!

General Stats

  • This quiz has been taken 49 times
  • The average score is 256 of 281

Answer Stats

Answer% Correct
A
100%
Be
100%
Do
100%
Don't
100%
I
100%
Out
100%
The
100%
Time
100%
To
100%
A
95%
As
95%
A's
95%
At
95%
Black
95%
Can't
95%
Corners
95%
Cut
95%
Don't
95%
Face
95%
For
95%
Go
95%
Hair
95%
Head
95%
Her
95%
I
95%
In
95%
Is
95%
Know
95%
Little
95%
Make
95%
Me
95%
Miss
95%
My
95%
No
95%
Of
95%
On
95%
Perfect
95%
Say
95%
See
95%
She
95%
So
95%
Straight
95%
That
95%
The
95%
Then
95%
There
95%
When
95%
You
95%
About
91%
And
91%
A's
91%
Ask
91%
Asked
91%
Blacking
91%
Brain
91%
By
91%
Can't
91%
Did
91%
Doing
91%
Even
91%
Falling
91%
First
91%
Forward
91%
Friend
91%
Get
91%
Girl
91%
Hair
91%
Her
91%
How
91%
Is
91%
It's
91%
Jam
91%
Kiss
91%
Know
91%
La-la-la-la-la-love
91%
Like
91%
Little
91%
Me
91%
Miss
91%
My
91%
Na-na-na-na-na-no
91%
Night
91%
Off
91%
One
91%
Ordered
91%
Parties
91%
Paul
91%
Perfect
91%
Point
91%
Pretty
91%
She
91%
Sit
91%
Something
91%
Starts
91%
Straight
91%
Student
91%
That's
91%
There
91%
Throne
91%
Two
91%
Walks
91%
What?
91%
What
91%
When
91%
Window
91%
Would
91%
You
91%
Your
91%
Absurd
86%
Adopted
86%
But
86%
Cause
86%
Choke
86%
Control
86%
Council
86%
Dare
86%
Drew
86%
Even
86%
Exciting
86%
Falling
86%
Far
86%
Flutter
86%
Girl
86%
Gives
86%
Gotten
86%
Heart
86%
Hours
86%
Iconic
86%
If
86%
I'll
86%
I'm
86%
It
86%
It's
86%
I've
86%
Joke
86%
La-la-la-la-la-la-love
86%
La-la-la-la-la-love
86%
Laughed
86%
Locker
86%
Lose
86%
Myself
86%
Na-na-na-na-na-no
86%
Next
86%
Off
86%
Often
86%
Oh
86%
Over
86%
Parents
86%
Path
86%
Platonic
86%
Risk
86%
Rotten
86%
Seconds
86%
Smirks
86%
Something
86%
Spoiled
86%
Stayed
86%
Tells
86%
Thing
86%
Throne
86%
Totally
86%
Utter
86%
Was
86%
We
86%
Well
86%
Were
86%
Word
86%
You're
86%
Amnesia
82%
Behavior
82%
Bite
82%
Braids
82%
Drank
82%
Easier
82%
Enticing
82%
Finally
82%
Happens
82%
Induce
82%
Lip
82%
McCartney
82%
Nearly
82%
Never
82%
Rewind
82%
Risk
82%
Says
82%
Sip
82%
Speed
82%
Takes
82%
Truth
82%
Believe
77%
Confused
77%
Deny
77%
Just
77%
Nothing
77%
There's
77%
Worth
77%

Score Distribution

Percentile by Number Answered

Percent of People with Each Score

Your Score History

You have not taken this quiz